000 00296nam a22001337a 4500
003 SGT
082 _a349,STO
100 _aSTONE, JULIUS
245 _aSOCIAL DIMENSIONS OF LAW & JUSTIC
260 _aNEW DELI
_bUNIVERSAL BOOK COMPANY
_c2012
300 _a933
650 _aJURIS
942 _2ddc
_cBK
999 _c10128
_d10128